Serie A po starych logach #1 - Statystyki

Ogólne statystyki
  • Ten quiz został rozwiązany 68 razy
  • Średni wynik to 11 z 16
Statystyki odpowiedzi
Obrazkowy Odpowiedź % Poprawnych
Napoli
98%
Fiorentina
93%
AS Roma
92%
Juventus Turyn
92%
Lecce
90%
Bologna
88%
Empoli
87%
Lazio
83%
Atalanta Bergamo
77%
Genoa
77%
Inter Mediolan
60%
Udinese
55%
AC Milan
53%
Torino
40%
Como
28%
Parma
25%
Nie znaleziono quizów pasujących do podanych kryteriów
Rozkład punktacji
Procent ludzi z każdym wynikiem
Percentyl według liczby udzielonych odpowiedzi
Twoja historia wyników
Nie rozwiązałeś tego quizu